000 003790000a22001570004500
020 _a0 19916293 X
082 0 4 _aGI CC H911k
100 1 _aHunt, Roderick
245 1 0 _aKippers Ballon / Roderick Hunt, il. : Alex Brychta
260 _aOxford : Oxford
300 _a16 p.
440 0 _aCol. \ Oxford Reading Tree
650 1 4 _aLiteratura Infantil
001 670
942 _cLGB
999 _c47874
_d47874